Culture Générale : "Tire..", Pointe.." ou "Passe.." - Statistiques

Statistiques générales
  • Ce quiz a été pris 42 fois
  • Le résultat moyen est 30 sur 40
Statistiques - réponses
Hint Réponse % Correct
Extrémité souvent vissée ou parfois moulée sur la semelle des chaussures de course, de lancer de javelot ou de saut qui permet notamment d'améliorer l'adhérence Pointe
97%
Comédie de Woody Allen, avec lui-même, Janet Margolin et Marcel Hillaire : Prends l'oseille et ______-toi Tire
97%
Ustensile utilisé pour enlever le bouchon en liège naturel ou reconstitué d'une bouteille, ce qui en fait l'outil premier du sommelier : ________-bouchon Tire
97%
Activité que l'on effectue durant le temps libre dont on peut disposer : _______-temps Passe
95%
Période de la journée pendant laquelle un trafic est le plus important : Heure de _______ Pointe
95%
Appareil servant à extraire le lait du sein d’une femme qui allaite : ______-lait Tire
95%
Film réalisé par Michel Blanc et sorti en 1999 : Mauvaise ________ Passe
92%
Emission mensuelle de la Télévision suisse romande créé par Benoît Aymon en 1993 (en cours en 2025 encore) : _______-moi les jumelles Passe
92%
Chausson de danse généralement réservés aux femmes, à bouts et à semelles renforcés Pointe
92%
Commune française du département d'outre-mer de la Guadeloupe, 14 855 habitants en 2022 (hors agglo) : _______ à Pitre Pointe
92%
Dans les jeux ou sports collectifs comme le football : envoi d'un objet à quelqu'un (souvent une balle ou un ballon) Passe
89%
Sommet montagneux Pointe
89%
Type de clou à tige ronde Pointe
89%
Titre de plusieurs films français réalisés entre 1912 et 1962 d'après la pièce à succès éponyme d'André Mouëzy-Éon et André Sylvane parue en 1904 : _______au-flanc Tire
89%
Indication de mesure dans les capacités de performance en vitesse d'un corps en mouvement : ______ de vitesse Pointe
87%
Outil préhistorique de pierre taillée, obtenu à partir d'une lame en silex : _______ à cran Pointe
87%
Acte sexuel tarifé Passe
84%
Cagoule ou encore cache-face en français acadien, couvre-chef descendant en dessous du menton : _______-montagne Passe
84%
Forme de vol qui consiste à subtiliser des objets à l’insu de leur propriétaire, alors qu’il les porte sur lui, notamment dans ses poches : Vol à la _______ Tire
84%
Avancée des terres dans une étendue d'eau et constituant une proéminence du littoral Pointe
82%
Règle scientifique lorsqu'il est question d'électromagnétisme : _______-bouchon de Maxwell Tire
82%
Appareil sur un moulin destiné à soulever des sacs de céréales : _______-sac Tire
82%
En gestion des réseaux d'énergie (réseau électrique notamment) : Période de _______ Pointe
76%
Terme à la roulette qui désigne l'ensemble supérieur des numéros (de 19 à 36), par opposition à « manque » qui désigne les numéros de 1 à 18 Passe
71%
Appellation argotique d'une voiture Tire
71%
Fabricant japonais de pneus fondé en 1945 à Osaka : Toyo ________ & Rubber Company Tire
71%
Mot qui désigne toute une gamme de systèmes de démultiplication de la force à poulie, levier, cliquet, etc. utilisés en particulier par le bûcheron, le débardeur, le monteur de câbles et dans les situations de dépannage : _____ fort Tire
68%
Pour un torero à pied, action d'appeler le taureau sur un leurre, capote ou muleta, de le faire courir et passer le long de son corps Passe
66%
Commune française du département du Tarn de 9 674 habitants en 2022 : Saint-Sulpice-la-_______ Pointe
66%
Chef lieu de district de la province d'İzmir, en Turquie. Elle est située dans la vallée du Caystre, à 82 km au sud-est d'İzmir. 84 457 hab. (2018) Tire
66%
Nom commercial donné par son inventeur, Victor Simon, au moulin à légumes, marque devenue nom commun : ________-vite Passe
61%
Elément en acier inoxydable que l'on fixe sous la base d'une enceinte acoustique afin de modifier le couplage mécanique avec son support : _______ de découplage Pointe
61%
En informatique, terme qui définit une étape du déroulement d'un logiciel agissant sur un objet informatique (typiquement un programme à compiler) qui est transformé progressivement Passe
55%
Bras de mer entre deux terres formant un corridor biologique. (« détroit », ou « chenal ») Passe
53%
Système de guidage de missile de troisième génération : _______ et oublie Tire
53%
En Psychanalyse, procédure pour la formation des nouveaux analystes, proposée par Jacques Lacan visant à répondre à la question: quelle est la conclusion d'une psychanalyse? Passe
50%
Variété de poire créée en 1855 par le pépiniériste Louis Boisbunel : _______-Crassane Passe
42%
Combinaison du jeu de dames dans laquelle un pion adverse est délogé par une prise procurée par un collage : coup de _______ Pointe
32%
Consiste à faire chauffer du sirop d'érable à 113,5 °C à 1013 hPa) afin d'en augmenter la consistance : La ______ d'érable (ou ______ sur la neige) Tire
21%
Nom héraldique utilisé pour désigner une rangée horizontale de motifs répétés, dans une disposition en pavage (Vair, échiqueté, etc) Tire
13%
Aucun quiz correspondant
Distribution des résultats
% des personnes avec chaque résultat
Percentile par nombre de réponses
Votre historique - résultats
Vous n’avez pas pris ce quiz